A6 Autoroute du Soleil (carte) - Mort subite - Statistiques

Statistiques générales
  • Ce quiz a été pris 519 fois
  • Le résultat moyen est 3 sur 12
Answers on the Grid
Answers color-coded by a green-red scale on the quiz's grid according to % correct below.
(1,1)
(1,2)
(1,3)
(1,4)
(1,5)
(1,6)
(1,7)
(1,8)
(1,9)
(1,10)
(2,1)
(2,2)
(2,3)
(2,4)
(2,5)
(2,6)
(2,7)
(2,8)
(2,9)
(2,10)
(3,1)
(3,2)
(3,3)
(3,4)
(3,5)
(3,6)
(3,7)
(3,8)
(3,9)
(3,10)
(4,1)
(4,2)
(4,3)
(4,4)
(4,5)
(4,6)
(4,7)
(4,8)
(4,9)
(4,10)
(5,1)
(5,2)
(5,3)
(5,4)
(5,5)
(5,6)
(5,7)
(5,8)
(5,9)
(5,10)
(6,1)
(6,2)
(6,3)
(6,4)
(6,5)
(6,6)
(6,7)
(6,8)
(6,9)
(6,10)
(7,1)
(7,2)
(7,3)
(7,4)
(7,5)
(7,6)
(7,7)
(7,8)
(7,9)
(7,10)
(8,1)
(8,2)
(8,3)
(8,4)
(8,5)
(8,6)
(8,7)
(8,8)
(8,9)
(8,10)
(9,1)
(9,2)
(9,3)
(9,4)
(9,5)
(9,6)
(9,7)
(9,8)
(9,9)
(9,10)
(10,1)
(10,2)
(10,3)
(10,4)
(10,5)
(10,6)
(10,7)
(10,8)
(10,9)
(10,10)
(11,1)
(11,2)
(11,3)
(11,4)
(11,5)
(11,6)
(11,7)
(11,8)
(11,9)
(11,10)
(12,1)
(12,2)
(12,3)
(12,4)
(12,5)
(12,6)
(12,7)
(12,8)
(12,9)
(12,10)
(13,1)
(13,2)
(13,3)
(13,4)
(13,5)
(13,6)
(13,7)
(13,8)
(13,9)
(13,10)
(14,1)
(14,2)
(14,3)
(14,4)
(14,5)
(14,6)
(14,7)
(14,8)
(14,9)
(14,10)
 
Statistiques - réponses
Réponse % Correct
(7,6)
47%
(8,6)
46%
(6,6)
41%
(9,6)
36%
(4,2)
23%
(5,5)
22%
(3,1)
21%
(5,3)
21%
(6,5)
21%
(5,4)
18%
(4,3)
16%
(3,2)
14%
Aucun quiz correspondant
Distribution des résultats
% des personnes avec chaque résultat
Percentile par nombre de réponses
Votre historique - résultats
Vous n’avez pas pris ce quiz